Statistics for Lose Yourself - Eminem lyrics

Click here to take the quiz!

General Stats

  • This quiz has been taken 5,462 times
  • The average score is 117 of 182

Answer Stats

Hint Answer % Correct
39on
94%
48on
94%
167yo
94%
62on
94%
129his
94%
13you
92%
49the
92%
68the
92%
90the
92%
20you
92%
164the
92%
79the
92%
3you
92%
110he
88%
152he
88%
140he
88%
171he
88%
74he
88%
51he
88%
116he
88%
149he
88%
65he
88%
123he
88%
60he
88%
127he
88%
155to
87%
163to
87%
100to
87%
56to
87%
10to
87%
132to
87%
40his
85%
28His
85%
156his
85%
76his
85%
43moms
83%
173go
82%
35are
82%
30are
82%
17one
82%
8one
82%
5one
82%
44spaghetti
80%
47but
79%
143but
79%
78but
79%
179it
79%
34arms
79%
115but
79%
26it
79%
22it,
79%
126it
79%
135it
79%
59but
79%
177and
78%
1Look
78%
33weak
78%
32knees
78%
38vomit
78%
54and
78%
36heavy
77%
41sweater
77%
6shot
77%
103there
77%
107there
77%
146he's
76%
42already
76%
45he's
76%
144he's
76%
112he's
76%
14ever
76%
84he's
76%
138he's
76%
46nervous
74%
55ready
73%
29palms
73%
2if
73%
31sweaty
73%
113so
72%
122no
72%
4had
72%
147so
72%
72so
72%
53calm
72%
25let
71%
71goes
71%
50surface
70%
82come
70%
9opportunity
70%
67down
70%
104goes
69%
61keeps
69%
63forgetting
69%
64what
69%
153goes
69%
66wrote
69%
108goes
69%
83out
69%
57drop
69%
93out
69%
70crowd
68%
37there's
68%
81won't
68%
124won't
68%
58bombs
68%
117won't
68%
52looks
67%
7or
67%
80words
67%
18moment
67%
23or
67%
176moment
67%
73loud
67%
169whole
66%
130whole
66%
69whole
66%
19would
64%
85choking
63%
77mouth
63%
75opens
62%
99back
61%
89now
61%
154back
61%
15wanted
61%
162back
61%
21capture
61%
27slip?
61%
174capture
61%
24just
60%
12everything
60%
101reality
58%
95up
58%
119up
58%
98snap
54%
105gravity
54%
96over
54%
16in
53%
94times
52%
11seize
50%
87everybody's
49%
102oh
48%
106oh
48%
86how
47%
92run
46%
120that
46%
142that
46%
91clocks
46%
97blough!
45%
118give
44%
88joking
41%
125have
39%
114mad
39%
109rabbit
37%
121easy
36%
172better
33%
150knows
32%
128knows
32%
141knows
32%
175this
30%
168this
30%
136don't
27%
180don't
27%
158home
27%
165lab
26%
166again
25%
157mobile
24%
161its
24%
111choked
22%
160when
22%
151when
22%
145broke
19%
159that's
17%
178hope
16%
134ropes
15%
170rhapsody
14%
139dope
14%
137matter
13%
133these
12%
131backs
11%
182him
10%
181pass
8%
148stagnant
6%

Score Distribution

Percentile by Number Answered

Percent of People with Each Score

Your Score History

You have not taken this quiz